| 000 | 00683nam a2200133Ia 4500 | ||
|---|---|---|---|
| 008 | 220615s9999||||xx |||||||||||||| ||und|| | ||
| 022 | _a16648714 | ||
| 100 | _aHaraldur Olafsson||Daniel J. Kirshbaum||Ivana Stiperski||Miguel A. C. Teixeira||Peter F. Sheridan | ||
| 245 | 4 | _aThe Atmosphere over Mountainous Regions | |
| 546 | _aEnglish[eng] | ||
| 650 | _aTurbulent fluxes||Downslope winds||Large eddy simulation||Sub-mesoscale circulations||orographic precipitation||Thermally-driven flows||Horizontal inhomogeneity||Cold air pools||Hydraulic jumps||mountain waves | ||
| 856 | _uhttp://journal.frontiersin.org/researchtopic/3327/the-atmosphere-over-mountainous-regions | ||
| 942 | _cEB | ||
| 999 |
_c11839 _d11839 |
||